Du : Kulturelle Monatsschrift : März 1962, 22. Jahrgang /

Đã lưu trong:
Chi tiết về thư mục
Tác giả khác: Gasser, Manuel (edición) (edición), Rotzler, Willy (edición) (edición)
Định dạng: Sách
Ngôn ngữ:German
Được phát hành: Zúrich, Suiza : Conzett und Huber, 1962, c1962
Các nhãn: Thêm thẻ
Không có thẻ, Là người đầu tiên thẻ bản ghi này!

MARC

LEADER 00000nam^a2200000^a^4500
001 000591772
005 20250526000000.0
009 20260310132934.77
037 |a Acervo ITESO - Biblioteca 
041 |a ALE 
091 |a FCO. 04205 
240 1 1 |a [Schweizerische Monatsschrift] 
240 1 1 |a [Du: Kulturelle Monatsschrift] 
240 1 1 |a [Du] 
240 1 1 |a [Atlantis] 
240 1 5 |a [Das Wort] 
245 0 0 |a Du :  |b Kulturelle Monatsschrift : März 1962, 22. Jahrgang / 
264 4 |a Zúrich, Suiza :  |b Conzett und Huber,  |c 1962, c1962 
300 |a 82 p. ;  |c 32.5 cm. 
336 |a texto  |b txt  |2 rdacontenido 
337 |a sin mediación  |b n  |2 rdamedio 
338 |a volumen  |b nc  |2 rdasoporte 
649 |a XX 
700 |a Gasser, Manuel  |e (edición) 
700 |a Rotzler, Willy  |e (edición) 
910 |a Fondo Erich Coufal Kieswetter 
920 |a Impresos - Libros 
930 |a Libros Antiguos y Raros 
905 |a 142 
901 |a 591772-10  |b IT2  |c LRA  |i D  |u 20250526 
902 |a https://opac.biblio.iteso.mx/vufind/Record/000591772